000 00862nam a2200253 i 4500
001 bg
003 KOSZ 005
005 20170602113348.0
008 070930s1968 pl a f 000 0 pol
015 _aPB 1968/9440
040 _aWA N
_cKOSZ 005/RW
_dKOSZ 005/RW
080 _a614.84
100 1 _aGrynczel, Zbigniew
_d(1923-2015).
245 1 0 _aŚrodki gaśnicze :
_bwłasności i zastosowanie /
_cZbigniew Grynczel ; Komenda Główna Straży Pożarnych.
260 _aWarszawa :
_b"Arkady",
_c1968.
300 _a111, [1] s. :
_bil. ;
_c24 cm.
380 _aKsiążki.
504 _aBibliogr. s. [103].
650 4 _aGaśnice.
650 4 _aŚrodki gaśnicze.
710 2 _aWydawnictwo "Arkady".
_4pbl.
856 _uhttp://koha.tu.koszalin.pl/cgi-bin/koha/opac-detail.pl?biblionumber=11543
_yKatalog online BPK
942 _2UKD
_cKS
999 _c11543
_d11543